Every Smiling Friends Character - Statistics

General Stats
  • This quiz has been taken 384 times
    307 since last reset
  • The average score is 26 of 62
Answer Stats
Picture Answer % Correct
Charlie Dompler
100%
Pim Pimling
99%
Mr. Boss
95%
Alan
94%
Glep
94%
Mr. Frog
92%
Dave
87%
Shrimp
83%
Ketchup
81%
Mustard
81%
Salt & Pepper
81%
Desmond
78%
Satan
77%
God
73%
The Witch
69%
Mip
66%
Grease
64%
Alien
61%
Forest Demon
61%
Smormu James Carter
61%
Grim & Gnarly
60%
The Princess
59%
Century Egg
58%
Desmond's Mom
58%
Bug
56%
Simon S. Salty
55%
The Renaissance Men
53%
Charlie's Grandma
52%
DJ Spit
48%
Man Living In Wall
47%
Jennifer
44%
Centaur
43%
Demon
42%
3D Squelton
39%
The Fun Twins
37%
Jeremy
33%
The Priest
30%
Alpha
28%
Marge Simpson
26%
Steven Pimling
26%
Amy Pimling
25%
Crazy Cup
19%
Fairies
15%
Mrs. Pimling
15%
Mr. Man
14%
Bliblies
13%
Rex
12%
Jacob the Goblin
8%
Graham Nelly
7%
MeepEats Deliveryman
6%
Mr. Frog Fanboy
4%
Airport Waitress
3%
Party Bro
3%
Guy At The Airport
2%
Rex's Assistant
2%
Tanning Salon Guy
2%
Blue Patron
1%
Guy in Gym
1%
Snow Cones Vendor
1%
Auditioning Father
0%
Handsome Lads Critter
0%
Meep Society Lady
0%
No matching quizzes found
Score Distribution
Percent of People with Each Score
Percentile by Number Answered
Your Score History
You have not taken this quiz since the last reset